000 00751nam a22002417a 4500
999 _c15978
_d15978
003 AR-CdUCM
008 190430b ||||| |||| 00| 0 spa d
020 _a970-00-0006-0
040 _aMUNICIPALIDAD PROVINCIAL DEL CUSCO
_cBIBLIOTECA MUNICIPAL DEL CUSCO
041 _heng
082 _23ed.
_aEP / 819.103 /
_bT23
100 _aTashlin, Frank
_935239
245 _aEl Oso que no lo era /
260 _aMéxico :
_bEdiciones Alfaguara,
_c1987.
300 _bilustraciones,
_c19 cm.
440 _aLibros del Rincón SEP.
_935240
650 _aLiteratura
_983
650 _aTextos infantiles
_933764
650 _aCuentos infantiles
_93927
700 _aLodanos, Santiago (traducción)
_935241
942 _2ddc
_cLIBROS
945 _aachl
_d2019-04-30